*HARD* guess the college logo - Statistics

General Stats
  • This quiz has been taken 86 times
  • The average score is 5 of 16
Answer Stats
Picture Answer % Correct
Eastern Washington
69%
Dartmouth
63%
Northeastern
54%
tarleton
52%
Monmouth
46%
prairie view a&m
39%
Lindenwood
34%
Idaho State
28%
Massachusetts Lowell
21%
Brown
19%
Alaska Fairbanks
12%
Tulsa
10%
Clarkson
7%
Saint Lawrence
7%
Seattle
4%
Austin State
3%
No matching quizzes found
Score Distribution
Percent of People with Each Score
Percentile by Number Answered
Your Score History
You have not taken this quiz